Teorías del Sujeto. Del iluminismo al marxismo postestructuralista /

Salvato in:
Dettagli Bibliografici
Autore principale: Palti, Elias José
Natura: testo
Tags: Aggiungi Tag
Nessun Tag, puoi essere il primo ad aggiungerne!!

MARC

LEADER 00000 a a2200000 04500
001 9691
003
040
100 |a Palti, Elias José  
245 |a Teorías del Sujeto. Del iluminismo al marxismo postestructuralista /  |c Elias José Palti 
773 |g volumen 8, número 36; páginas 14-21  
999 |c 30990  |d 30990